[Event "Fagernes op"]
[Site "Fagernes"]
[Date "2024.03.27"]
[Round "4"]
[White "Elsness, Frode"]
[Black "Eliseev, Sergey1"]
[Result "1/2-1/2"]
[WhiteElo "2437"]
[BlackElo "2131"]
[PlyCount "85"]
[EventDate "2024.03.24"]
[EventType "swiss"]
[EventRounds "9"]
[EventCountry "NOR"]
[SourceTitle "CB14_2024"]
[SourceDate "2024.04.01"]
[SourceVersion "1"]
[SourceVersionDate "2024.04.01"]
[SourceQuality "1"]

1. Nf3 d5 2. g3 b6 3. Bg2 Bb7 4. d4 e6 5. 0-0 Nd7 6. c4 dxc4 7. Qa4 a6 8. Qxc4 Ngf6 9. Rd1 Be7 10. Nc3 b5 11. Qd3 c5 12. dxc5 Nxc5 13. Qc2 Qb6 14. Be3 Qc7 15. Bf4 Qb6 16. a4 bxa4 17. Nxa4 Nxa4 18. Qxa4+ Bc6 19. Qa5 Qxa5 20. Rxa5 Bb4 21. Raa1 0-0 22. Rdc1 Bd5 23. Ne5 Bxg2 24. Kxg2 Nd5 25. Nd3 Nxf4+ 26. gxf4 Be7 27. Rc7 Rfe8 28. Ra4 h6 29. Kf3 a5 30. Rb7 Bd6 31. Rb5 Bc7 32. Rc4 Ra7 33. Rbc5 Bd6 34. Rc6 Be7 35. Rc7 Rxc7 36. Rxc7 Bf6 37. Rb7 Ra8 38. Nc5 a4 39. e3 a3 40. bxa3 Rxa3 41. Rb8+ Kh7 42. Nd7 Be7 43. Nf8+ 1/2-1/2

[Event "NOR-ch Rapid"]
[Site "Bergen"]
[Date "2024.01.14"]
[Round "9"]
[White "Elsness, Frode"]
[Black "Tari, Aryan"]
[Result "0-1"]
[WhiteElo "2436"]
[BlackElo "2623"]
[PlyCount "72"]
[EventDate "2024.01.13"]
[EventType "swiss (rapid)"]
[EventRounds "10"]
[EventCountry "NOR"]
[SourceTitle "CB03_2024"]
[SourceDate "2024.01.17"]
[SourceVersion "1"]
[SourceVersionDate "2024.01.17"]
[SourceQuality "1"]

1. e4 e5 2. Nf3 Nc6 3. Bc4 Nf6 4. d4 exd4 5. e5 Ne4 6. Qe2 Nc5 7. 0-0 Ne6 8. c3 d5 9. exd6 Bxd6 10. cxd4 0-0 11. Rd1 Qf6 12. Bxe6 Qxe6 13. Be3 Qg6 14. Nc3 a6 15. d5 Ne7 16. Nh4 Qg4 17. Qxg4 Bxg4 18. f3 Bd7 19. Ne4 f6 20. g3 Kf7 21. Rac1 Rfc8 22. Bc5 Bxc5+ 23. Nxc5 Be8 24. d6 cxd6 25. Nxb7 Rxc1 26. Rxc1 Ke6 27. Rd1 d5 28. Ng2 Rb8 29. Nf4+ Kd7 30. Nc5+ Kd6 31. Ncd3 g5 32. Ne2 Bg6 33. b3 Nc6 34. Kf2 d4 35. Nb2 Kd5 36. Rd2 a5 0-1

[Event "NOR-ch Rapid"]
[Site "Bergen"]
[Date "2024.01.13"]
[Round "4"]
[White "Elsness, Frode"]
[Black "Moen, Ole Christian"]
[Result "1-0"]
[WhiteElo "2436"]
[BlackElo "2208"]
[PlyCount "55"]
[EventDate "2024.01.13"]
[EventType "swiss (rapid)"]
[EventRounds "10"]
[EventCountry "NOR"]
[SourceTitle "CB03_2024"]
[SourceDate "2024.01.17"]
[SourceVersion "1"]
[SourceVersionDate "2024.01.17"]
[SourceQuality "1"]

1. e4 e5 2. Nf3 Nc6 3. Bc4 Bc5 4. c3 Nf6 5. d4 exd4 6. cxd4 Bb4+ 7. Nbd2 Nxe4 8. d5 Ne7 9. 0-0 Nxd2 10. Nxd2 0-0 11. Nb3 Ng6 12. a3 Be7 13. Nd4 d6 14. Be3 Ne5 15. Be2 c5 16. dxc6 Nxc6 17. Bf3 Nxd4 18. Qxd4 Bf6 19. Qd2 Be6 20. Qb4 a5 21. Qb5 a4 22. Rad1 Qa5 23. Qxb7 Rab8 24. Qc6 Be5 25. Bc1 Rfc8 26. Qe4 Rc4 27. Qe1 h6 28. Qxa5 1-0

[Event "Fagernes Autumn op"]
[Site "Fagernes"]
[Date "2023.10.14"]
[Round "8"]
[White "Elsness, Frode"]
[Black "Harsh, Suresh"]
[Result "0-1"]
[WhiteElo "2466"]
[BlackElo "2336"]
[PlyCount "58"]
[EventDate "2023.10.08"]
[EventType "swiss"]
[EventRounds "9"]
[EventCountry "NOR"]
[SourceTitle "Mega2024 Update 01"]
[Source "Chessbase"]
[SourceDate "2023.11.12"]
[SourceVersion "1"]
[SourceVersionDate "2023.11.12"]
[SourceQuality "1"]

1. c4 c5 2. g3 Nc6 3. Bg2 g6 4. Nf3 Bg7 5. Nc3 e5 6. d3 d6 7. a3 Nge7 8. 0-0 0-0 9. Rb1 a5 10. Bg5 f6 11. Be3 Be6 12. Ne1 b6 13. Nc2 d5 14. cxd5 Nxd5 15. Bxd5 Bxd5 16. b4 axb4 17. axb4 Nd4 18. bxc5 bxc5 19. Nxd5 Qxd5 20. Bxd4 exd4 21. e4 Qd7 22. Ra1 f5 23. Rxa8 Rxa8 24. exf5 Qxf5 25. Re1 c4 26. Re4 Rf8 27. Qd2 cxd3 28. Rf4 dxc2 29. Rxf5 Rc8 0-1

[Event "NOR-ch"]
[Site "Oslo"]
[Date "2023.07.06"]
[Round "7"]
[White "Kvaloy, Aksel Bu"]
[Black "Elsness, Frode"]
[Result "1/2-1/2"]
[WhiteElo "2347"]
[BlackElo "2464"]
[PlyCount "58"]
[EventDate "2023.06.30"]
[EventType "swiss"]
[EventRounds "9"]
[EventCountry "NOR"]
[SourceTitle "CBM 215 Extra"]
[Source "ChessBase"]
[SourceDate "2023.09.30"]
[SourceVersion "1"]
[SourceVersionDate "2023.09.30"]
[SourceQuality "1"]

1. e4 c6 2. d4 d5 3. e5 c5 4. dxc5 e6 5. a3 Bxc5 6. Qg4 Ne7 7. Nf3 0-0 8. b4 Bb6 9. Bd3 Ng6 10. Bb2 f5 11. exf6 e5 12. Qh5 e4 13. Ng5 Bxf2+ 14. Kxf2 Rxf6+ 15. Bxf6 Qxf6+ 16. Nf3 exf3 17. Qxf3 Qd4+ 18. Qe3 Qxa1 19. Qe8+ Nf8 20. Qxc8 Qf6+ 21. Ke1 Qe6+ 22. Qxe6+ Nxe6 23. Nc3 Nc6 24. Nxd5 Ne5 25. Rf1 Nxd3+ 26. cxd3 Rd8 27. Nf4 Nxf4 28. Rxf4 Rxd3 29. Rc4 Rxa3 1/2-1/2

[Event "NOR-ch"]
[Site "Oslo"]
[Date "2023.07.01"]
[Round "2"]
[White "Elsness, Frode"]
[Black "Urkedal, Frode Olav Olsen"]
[Result "1/2-1/2"]
[WhiteElo "2464"]
[BlackElo "2529"]
[PlyCount "95"]
[EventDate "2023.06.30"]
[EventType "swiss"]
[EventRounds "9"]
[EventCountry "NOR"]
[SourceTitle "CBM 215 Extra"]
[Source "ChessBase"]
[SourceDate "2023.09.30"]
[SourceVersion "1"]
[SourceVersionDate "2023.09.30"]
[SourceQuality "1"]

1. d4 Nf6 2. Bg5 d5 3. e3 c5 4. Bxf6 gxf6 5. dxc5 e6 6. Nf3 Bxc5 7. Be2 Qb6 8. Nbd2 Nc6 9. 0-0 0-0 10. c4 dxc4 11. Nxc4 Qc7 12. Qc2 Be7 13. Rac1 Bd7 14. a3 Rac8 15. e4 Na5 16. Qb1 Nxc4 17. Rxc4 Qb6 18. Rd1 Rxc4 19. Bxc4 Bc6 20. Qc2 Rd8 21. Rxd8+ Qxd8 22. Kf1 Qc7 23. Bd3 Qd6 24. h3 Bd8 25. Ke2 a5 26. Qc3 Kg7 27. Nd4 Bd7 28. Bb5 Bb6 29. Bxd7 Bxd4 30. Qg3+ Qxg3 31. fxg3 a4 32. Bxa4 Bxb2 33. g4 Bxa3 34. Kd3 Kg6 35. Be8 Bc5 36. Kc4 Bf2 37. Kd3 h6 38. Kc4 Kg5 39. Bxf7 e5 40. Be6 Kf4 41. Bf5 Kg3 42. Bc8 b6 43. Kb5 Kxg2 44. Bf5 Kg3 45. Kc4 Bc5 46. Kb5 Kh4 47. Kc4 Bf8 48. Kb5 1/2-1/2

[Event "Kragero op"]
[Site "Kragero"]
[Date "2023.02.25"]
[Round "8"]
[White "Kulaots, Kaido"]
[Black "Elsness, Frode"]
[Result "1-0"]
[WhiteElo "2525"]
[BlackElo "2475"]
[PlyCount "45"]
[EventDate "2023.02.22"]
[EventType "swiss"]
[EventRounds "9"]
[EventCountry "NOR"]
[SourceTitle "CBM 212 Extra"]
[Source "ChessBase"]
[SourceDate "2023.03.31"]
[SourceVersion "1"]
[SourceVersionDate "2023.03.31"]
[SourceQuality "1"]

1. e4 c5 2. Nf3 Nc6 3. d4 cxd4 4. Nxd4 e5 5. Nb5 d6 6. N1c3 a6 7. Na3 Be7 8. Nc4 b5 9. Ne3 Nf6 10. g3 h5 11. Bg2 h4 12. 0-0 h3 13. Bh1 0-0 14. Ncd5 Rb8 15. c3 b4 16. Qa4 Bb7 17. Nf5 Re8 18. Be3 Ng4 19. Bb6 Qd7 20. cxb4 Bd8 21. Qd1 Nf6 22. Rc1 Bxb6 23. Nxf6+ 1-0

[Event "Kragero op"]
[Site "Kragero"]
[Date "2023.02.23"]
[Round "4"]
[White "Wallace, John Paul"]
[Black "Elsness, Frode"]
[Result "1-0"]
[WhiteElo "2349"]
[BlackElo "2475"]
[PlyCount "89"]
[EventDate "2023.02.22"]
[EventType "swiss"]
[EventRounds "9"]
[EventCountry "NOR"]
[SourceTitle "CBM 212 Extra"]
[Source "ChessBase"]
[SourceDate "2023.03.31"]
[SourceVersion "1"]
[SourceVersionDate "2023.03.31"]
[SourceQuality "1"]

1. Nf3 d5 2. g3 c5 3. Bg2 Nc6 4. d4 e6 5. 0-0 Nf6 6. c4 dxc4 7. Qa4 Bd7 8. Qxc4 b5 9. Qc3 b4 10. Qd3 Rc8 11. Nbd2 cxd4 12. Nxd4 Nxd4 13. Qxd4 Bc5 14. Qd3 Ba4 15. Qa6 Qd7 16. Nb3 Bb6 17. Bd2 Bb5 18. Qb7 Qxb7 19. Bxb7 Rc7 20. Bf3 a5 21. Bf4 Rd7 22. Rfc1 0-0 23. Bc6 Bxc6 24. Rxc6 Rb7 25. Rac1 Nd7 26. Bd6 Rd8 27. Be7 Re8 28. Rc8 Rb8 29. Rxe8+ Rxe8 30. Bd6 Ra8 31. Rc6 f6 32. Nd2 Bd8 33. Nc4 Kf7 34. Kg2 Ra7 35. f4 Be7 36. Kf3 f5 37. e4 fxe4+ 38. Kxe4 Bxd6 39. Nxd6+ Kf6 40. Nb5 Rb7 41. Nc7 Nb8 42. Rxe6+ Kf7 43. Na6 Rd7 44. Nxb8 Rb7 45. Nc6 1-0

[Event "NOR-ch Rapid"]
[Site "Drammen"]
[Date "2023.01.08"]
[Round "10"]
[White "Christiansen, Johan Sebastian"]
[Black "Elsness, Frode"]
[Result "1-0"]
[WhiteElo "2574"]
[BlackElo "2474"]
[PlyCount "79"]
[EventDate "2023.01.07"]
[EventType "swiss (rapid)"]
[EventRounds "10"]
[EventCountry "NOR"]
[SourceTitle "CBM 212 Extra"]
[Source "ChessBase"]
[SourceDate "2023.03.31"]
[SourceVersion "1"]
[SourceVersionDate "2023.03.31"]
[SourceQuality "1"]

1. e4 c5 2. Nf3 Nc6 3. Nc3 e5 4. Bc4 d6 5. d3 Be7 6. h4 Bg4 7. Nd5 Nf6 8. Ne3 Be6 9. c3 d5 10. exd5 Nxd5 11. Qb3 Nxe3 12. Bxe3 Bxc4 13. dxc4 Qc7 14. Qc2 h6 15. 0-0-0 0-0 16. g4 Qc8 17. Rdg1 f5 18. gxf5 Qxf5 19. Qxf5 Rxf5 20. Nd2 Kh7 21. Ne4 b6 22. h5 Bf8 23. Rd1 Rd8 24. Rd5 Be7 25. b3 Rff8 26. Rhd1 Bh4 27. a3 Rf5 28. Rh1 Be7 29. Kc2 Rxd5 30. cxd5 Nb8 31. b4 Nd7 32. d6 Bg5 33. bxc5 bxc5 34. Bxg5 hxg5 35. Rb1 Nb6 36. Rxb6 axb6 37. d7 Rf8 38. Nxg5+ Kg8 39. Ne6 Rxf2+ 40. Kd1 1-0

[Event "NOR-ch"]
[Site "Kongsvinger"]
[Date "2022.07.10"]
[Round "3"]
[White "Djurhuus, Rune"]
[Black "Elsness, Frode"]
[Result "0-1"]
[WhiteElo "2407"]
[BlackElo "2464"]
[PlyCount "90"]
[EventDate "2022.07.08"]
[EventType "swiss"]
[EventRounds "9"]
[EventCountry "NOR"]
[SourceTitle "CBM 209 Extra"]
[Source "ChessBase"]
[SourceDate "2022.09.30"]
[SourceVersion "1"]
[SourceVersionDate "2022.09.30"]
[SourceQuality "1"]

1. Nf3 d5 2. g3 c5 3. c4 dxc4 4. Na3 Nc6 5. Nxc4 f6 6. Bg2 e5 7. d3 Be6 8. 0-0 Nge7 9. b3 Qd7 10. Bb2 Rd8 11. a3 Nd5 12. e3 Be7 13. d4 cxd4 14. exd4 e4 15. Nfd2 f5 16. Qe2 0-0 17. Rad1 Nc7 18. Rfe1 Bf6 19. d5 Nxd5 20. Bxf6 Rxf6 21. Nb1 Qc7 22. f3 exf3 23. Qxf3 Bf7 24. Rd3 Nb6 25. Rxd8+ Qxd8 26. Rd1 Qc7 27. Qd3 Bxc4 28. bxc4 Ne5 29. Qd8+ Qxd8 30. Rxd8+ Rf8 31. Rxf8+ Kxf8 32. c5 Nbd7 33. Bxb7 Nxc5 34. Bd5 Ke7 35. Nc3 h6 36. h3 Kd6 37. Bg8 Nc6 38. Kf2 Ke5 39. Ke3 Nd4 40. a4 Ne4 41. Nxe4 fxe4 42. Bc4 Nf5+ 43. Kf2 a5 44. Bb5 Kd4 45. Ba6 Ne3 0-1

[Event "NOR-chT Clubs"]
[Site "Drammen"]
[Date "2022.05.26"]
[Round "4"]
[White "Tallaksen, Levi Andre"]
[Black "Elsness, Frode"]
[Result "1/2-1/2"]
[WhiteElo "2326"]
[BlackElo "2461"]
[PlyCount "67"]
[EventDate "2022.05.26"]
[EventType "team-swiss"]
[EventRounds "6"]
[EventCountry "NOR"]
[SourceTitle "EXT 2024"]
[Source "ChessBase"]
[SourceDate "2023.10.10"]
[SourceVersion "1"]
[SourceVersionDate "2023.10.10"]
[SourceQuality "1"]
[WhiteTeam "Stavanger"]
[BlackTeam "Baerum"]
[WhiteTeamCountry "NOR"]
[BlackTeamCountry "NOR"]

1. d4 Nf6 2. c4 e6 3. Nf3 d5 4. Nc3 c5 5. cxd5 Nxd5 6. e4 Nxc3 7. bxc3 cxd4 8. cxd4 Bb4+ 9. Bd2 Bxd2+ 10. Qxd2 0-0 11. Bc4 Nd7 12. 0-0 b6 13. Rfe1 Bb7 14. Rad1 Rc8 15. Bb3 Re8 16. Qf4 Qc7 17. e5 Nf8 18. Ng5 Qe7 19. Ne4 Ng6 20. Qg4 Bxe4 21. Qxe4 Qg5 22. g3 Rc7 23. f4 Qg4 24. Rc1 Rec8 25. Rxc7 Rxc7 26. d5 exd5 27. Qxd5 Nf8 28. Qd8 Rc3 29. e6 Rxg3+ 30. hxg3 Qxg3+ 31. Kf1 Qf3+ 32. Kg1 Qg3+ 33. Kf1 Qf3+ 34. Kg1 1/2-1/2

[Event "Fagernes op"]
[Site "Fagernes"]
[Date "2021.10.12"]
[Round "4"]
[White "Elsness, Frode"]
[Black "Fossum, Oystein Boyum"]
[Result "1/2-1/2"]
[WhiteElo "2465"]
[BlackElo "2302"]
[PlyCount "83"]
[EventDate "2021.10.10"]
[EventType "swiss"]
[EventRounds "9"]
[EventCountry "NOR"]
[SourceTitle "CBM 204 Extra"]
[Source "ChessBase"]
[SourceDate "2021.11.30"]
[SourceVersion "1"]
[SourceVersionDate "2021.11.30"]
[SourceQuality "1"]

1. d4 d5 2. c4 e6 3. Nc3 c5 4. cxd5 exd5 5. Nf3 Nc6 6. dxc5 d4 7. Na4 Bxc5 8. Nxc5 Qa5+ 9. Bd2 Qxc5 10. Rc1 Qb6 11. e3 dxe3 12. Bxe3 Qxb2 13. Bc4 Nge7 14. Ng5 0-0 15. Qh5 Bf5 16. Bxf7+ Kh8 17. 0-0 h6 18. Bb3 Qf6 19. Nf7+ Kh7 20. Ng5+ Kh8 21. Nf7+ Kh7 22. Bg5 Qg6 23. Qxg6+ Nxg6 24. Be3 Na5 25. Nd6 Nxb3 26. axb3 Be6 27. Rc7 b6 28. Bd4 Rg8 29. Re1 Nf4 30. g3 Rad8 31. gxf4 Rxd6 32. Be5 Rd7 33. b4 Rxc7 34. Bxc7 Re8 35. f3 Bd7 36. Rd1 Re7 37. Kf2 Bc6 38. Be5 Rd7 39. Rc1 Bb5 40. Ke3 a5 41. bxa5 bxa5 42. Rc5 1/2-1/2

[Event "Online Olym Div2 C"]
[Site "Chess.com INT"]
[Date "2021.09.03"]
[Round "6.4"]
[White "Elsness, Frode"]
[Black "Nabaty, Tamir"]
[Result "0-1"]
[WhiteElo "2467"]
[BlackElo "2638"]
[PlyCount "56"]
[EventDate "2021.09.02"]
[EventType "team (rapid)"]
[EventRounds "9"]
[EventCountry "USA"]
[SourceTitle "CBM 204 Extra"]
[Source "ChessBase"]
[SourceDate "2021.11.30"]
[SourceVersion "1"]
[SourceVersionDate "2021.11.30"]
[SourceQuality "1"]
[WhiteTeam "Norway"]
[BlackTeam "Israel"]
[WhiteTeamCountry "NOR"]
[BlackTeamCountry "ISR"]

1. d4 d5 2. c4 dxc4 3. e4 c5 4. Nf3 cxd4 5. Qxd4 Qxd4 6. Nxd4 a6 7. Bxc4 e5 8. Nb3 Nf6 9. f3 b5 10. Be2 Nc6 11. Kf2 Nb4 12. Nc3 Nc2 13. Rb1 Be6 14. Bg5 Bxb3 15. axb3 Bc5+ 16. Kg3 Nh5+ 17. Kg4 h6 18. Kxh5 hxg5+ 19. Kxg5 Ne3 20. Nd5 f6+ 21. Nxf6+ gxf6+ 22. Kxf6 0-0+ 23. Kg6 Ra7 24. f4 Rg7+ 25. Kh6 Rf6+ 26. Kh5 Rh7+ 27. Kg5 Be7 28. Rbc1 Rb6# 0-1

[Event "NOR-ch"]
[Site "Oslo"]
[Date "2021.07.10"]
[Round "9"]
[White "Elsness, Frode"]
[Black "Lund, Gunnar"]
[Result "1-0"]
[WhiteElo "2459"]
[BlackElo "2312"]
[PlyCount "81"]
[EventDate "2021.07.02"]
[EventType "swiss"]
[EventRounds "9"]
[EventCountry "NOR"]
[SourceTitle "CBM 203 Extra"]
[Source "ChessBase"]
[SourceDate "2021.09.30"]
[SourceVersion "1"]
[SourceVersionDate "2021.09.30"]
[SourceQuality "1"]

1. d4 Nf6 2. c4 e6 3. Nf3 d5 4. Nc3 dxc4 5. e4 b5 6. e5 Nd5 7. Nxb5 Nb6 8. Be2 Bb7 9. 0-0 Be7 10. Be3 0-0 11. Qc1 Bd5 12. Nd2 Qd7 13. Nc3 Nc6 14. Rd1 Nb4 15. Nxd5 exd5 16. b3 Qf5 17. Nf1 Qc2 18. Ng3 f5 19. f4 cxb3 20. axb3 a5 21. Bd2 c5 22. Bxb4 Qxc1 23. Rdxc1 cxb4 24. Rc6 Bd8 25. Bf3 a4 26. bxa4 b3 27. Rb1 Rxa4 28. Rxb3 Rxd4 29. Rcxb6 Bxb6 30. Rxb6 Rxf4 31. Bxd5+ Kh8 32. e6 Rc8 33. Ne2 Ra4 34. Bc6 Ra1+ 35. Kf2 Kg8 36. Bd7 Rca8 37. Rb7 R1a5 38. e7 Re5 39. Bb5 g5 40. Bc4+ Kh8 41. Bf7 1-0

[Event "NOR-ch"]
[Site "Oslo"]
[Date "2021.07.07"]
[Round "6"]
[White "Vestby Ellingsen, Mads"]
[Black "Elsness, Frode"]
[Result "1/2-1/2"]
[WhiteElo "2340"]
[BlackElo "2459"]
[PlyCount "108"]
[EventDate "2021.07.02"]
[EventType "swiss"]
[EventRounds "9"]
[EventCountry "NOR"]
[SourceTitle "CBM 203 Extra"]
[Source "ChessBase"]
[SourceDate "2021.09.30"]
[SourceVersion "1"]
[SourceVersionDate "2021.09.30"]
[SourceQuality "1"]

1. d4 d5 2. Bf4 c5 3. e3 Nf6 4. dxc5 Nc6 5. Bb5 e6 6. b4 a5 7. c3 Be7 8. Nf3 0-0 9. 0-0 Ne4 10. Bxc6 bxc6 11. Qc2 f6 12. Nbd2 e5 13. Bg3 Nxg3 14. hxg3 g5 15. Nb3 g4 16. Nfd2 axb4 17. cxb4 f5 18. a4 Ba6 19. Rfe1 Qe8 20. Na5 Rf6 21. f4 gxf3 22. Nxf3 Bf8 23. Qb2 Re6 24. Qf2 Bg7 25. Nxc6 Qxc6 26. b5 Qxc5 27. bxa6 Rexa6 28. Rac1 Qf8 29. Qa2 Qd6 30. Red1 Ra5 31. Nh4 Rf8 32. Qd2 Rxa4 33. Qxd5+ Qxd5 34. Rxd5 Ra7 35. Kh2 Re7 36. e4 fxe4 37. Re1 Re6 38. Rxe4 Rh6 39. Kg1 Rhf6 40. Rg4 Kh8 41. Rd7 R6f7 42. Rxf7 Rxf7 43. Ra4 h5 44. Nf3 Bf6 45. Nd2 Kg7 46. Ne4 Rf8 47. Kf2 Bd8+ 48. Ke2 Bb6 49. Ra6 Bd4 50. Kd3 Rb8 51. Nd6 Rb2 52. Nf5+ Kf7 53. Nxd4 exd4 54. Rh6 Rxg2 1/2-1/2